000 00419nam a22001817a 4500
003 MPLRDC
005 20220104123810.0
008 210129b ||||| |||| 00| 0 eng d
082 _a848.1 CXM-4
100 _a陈香梅著
245 _a茶花怨
_c
250 _a再版
260 _a
_b大林出版社
_c1980
300 _b
490 _a大林文库;90
650 _a现代别集
942 _cBK
_o848.1 CXM-4
999 _c14285
_d14275